Teologia platonica / (Record n. 360466)

Dettagli MARC
000 -LEADER
fixed length control field 02643nam a2200313 a 4500
001 - CONTROL NUMBER
control field 000000397893
003 - CONTROL NUMBER IDENTIFIER
control field IT-MiSPE
005 - DATE AND TIME OF LATEST TRANSACTION
control field 20250324144906.0
008 - FIXED-LENGTH DATA ELEMENTS--GENERAL INFORMATION
fixed length control field 111212s2011 it 001 u ita d
020 ## - INTERNATIONAL STANDARD BOOK NUMBER
International Standard Book Number 9788845264634
Terms of availability 85,00 €
040 ## - CATALOGING SOURCE
Original cataloging agency IT-MiSPE
Language of cataloging ita
Modifying agency ip
Transcribing agency IT-MiSPE
041 0# - LANGUAGE CODE
Language code of text/sound track or separate title ita lat
Language code of original lat
082 ## - DEWEY DECIMAL CLASSIFICATION NUMBER
Classification number 195-MAR fi te (ppv 23404)
100 1# - MAIN ENTRY--PERSONAL NAME
Personal name Ficino, Marsilio,
Dates associated with a name 1433-1499.
9 (RLIN) 61979
245 10 - TITLE STATEMENT
Title Teologia platonica /
Statement of responsibility, etc. Marsilio Ficino ; saggio introduttivo, traduzione, note e apparati di Errico Vitale.
260 ## - PUBLICATION, DISTRIBUTION, ETC. (IMPRINT)
Place of publication, distribution, etc. Milano :
Name of publisher, distributor, etc. Bompiani,
Date of publication, distribution, etc. ©2011.
300 ## - PHYSICAL DESCRIPTION
Extent xci, 2049 p. ;
Dimensions 22 cm
490 1# - SERIES STATEMENT
Series statement Il pensiero occidentale
504 ## - BIBLIOGRAPHY, ETC. NOTE
Bibliography, etc Contiene riferimenti bibliografici e indici
520 ## - SUMMARY, ETC.
Summary, etc. Marsilio Ficino (1433-1499) è tra i maggiori filosofi del Quattrocento. Dalla personalità complessa, egli fu insieme medico, astrologo, teologo, filologo e filosofo, fine traduttore e interprete e sottile pensatore, tanto votato alla più astratta speculazione dialettica, quanto consacrato all'impegno presbiterale, secondo una particolare visione del rapporto tra ricerca filosofica e dignità sacerdotale, fondata sull'unità di ''sapientia'' e ''religio''. Se gli va ascritto il merito di avere, alle soglie dell'età moderna, offerto al mondo latino la conoscenza dei testi fondamentali della tradizione platonica greca, primi fra tutti il ''Corpus platonicum'' e le ''Enneadi'' plotiniane, che ebbero sulla coscienza occidentale un influsso equiparabile a quello esercitato dalle opere di Aristotele sul pensiero medioevale del XIII secolo, nondimeno va riconosciuto che, assumendosi consapevolmente e pienamente il compito di affiancare alle traduzioni che andava svolgendo i necessari strumenti ermeneutici, quali introduzioni e commentari, da un lato egli seppe realizzare una sintesi dottrinaria che assurge alla dignità di un autentico sistema filosofico; dall'altro, come ha affermato il Vasoli, concorse in modo decisivo alla ''nascita'' di una nuova immagine e di un nuovo linguaggio della filosofia, non più patrimonio esclusivo dei magistri, ma presente e operante nella cultura di letterati e filologi, storici e uomini politici e, addirittura, di un nuovo ceto di tecnici e ''artisti'', contribuendo alla fine dell'egemonia aristotelica in seno alle università.
546 ## - LANGUAGE NOTE
Language note Traduzione italiana con testo latino a fronte
655 #7 - INDEX TERM--GENRE/FORM
Genre/form data or focus term Umanesimo
General subdivision Ficino, Marsilio (1433-1499)
9 (RLIN) 61980
700 1# - ADDED ENTRY--PERSONAL NAME
Personal name Vitale, Errico,
Relator term ed.
Dates associated with a name 1964-
9 (RLIN) 61981
830 #3 - SERIES ADDED ENTRY--UNIFORM TITLE
Uniform title Il pensiero occidentale.
9 (RLIN) 57173
942 ## - ADDED ENTRY ELEMENTS (KOHA)
Source of classification or shelving scheme Dewey Decimal Classification
Koha item type LIBRO
990 10 - EQUIVALENCES OR CROSS-REFERENCES [LOCAL, CANADA]
Link information for 9XX fields 90001a
Link information for field corresponding to 9XX field 10001ad
Dati di copia
Withdrawn status Lost status Source of classification or shelving scheme Damaged status Not for loan Home library Current library Date acquired Total Checkouts Full call number Barcode Date last seen Price effective from Koha item type
    Dewey Decimal Classification Buone Condizioni Not For Loan CINISELLO CINISELLO 24/03/2025   195-MAR fi te (ppv 23404) 9788845264634 24/03/2025 24/03/2025 LIBRO
CREDITS: SOCIETA' SAN PAOLO Via A.Severo, 58 - ROMA (RM) & PERIODICI SAN PAOLO SRL Via Giotto, 36 MILANO & CISF Via Giotto, 36 MILANO & EDIZIONI SAN PAOLO SRL,  Piazza Soncino, 5 CINISELLO BALSAMO (MI) -- ITALY